[ IAS - Medzinárodné účtovné štandardy ]

Recenzia na publikáciu L. Kareša, J. Bolgáča a M. Vépyovej: IAS - Medzinárodné účtovné štandardy. Charakteristika publikácie. Rozdelenie publikácie na tri časti. Určenie publikácie.

Saved in:
Bibliographic Details
Main Author: Máziková, Katarína
Format: Book Chapter
Language:Slovak
Subjects:
Tags: Add Tag
No Tags, Be the first to tag this record!

MARC

LEADER 00000naa$a2200000$$$4500
001 0004050
005 20240502071348.0
041 0 |a slo 
044 |a SK 
245 1 0 |a [ IAS - Medzinárodné účtovné štandardy ]  |c rec. Katarína Máziková 
520 |a Recenzia na publikáciu L. Kareša, J. Bolgáča a M. Vépyovej: IAS - Medzinárodné účtovné štandardy. Charakteristika publikácie. Rozdelenie publikácie na tri časti. Určenie publikácie. 
610 2 0 |a recenzie 
610 2 0 |a štandardy účtovné medzinárodné 
610 2 0 |a účtovníctvo 
610 2 0 |a IAS 
100 1 |a Máziková, Katarína